<?xml version="1.0" encoding="UTF-8"?>
<record
    xmlns:xsi="http://www.w3.org/2001/XMLSchema-instance"
    xsi:schemaLocation="http://www.loc.gov/MARC21/slim http://www.loc.gov/standards/marcxml/schema/MARC21slim.xsd"
    xmlns="http://www.loc.gov/MARC21/slim">

  <leader>01892nam a22002657a 4500</leader>
  <controlfield tag="003">OSt</controlfield>
  <controlfield tag="005">20260511175957.0</controlfield>
  <controlfield tag="008">260428b        |||||||| |||| 00| 0 eng d</controlfield>
  <datafield tag="022" ind1=" " ind2=" ">
    <subfield code="a">0148-2963</subfield>
  </datafield>
  <datafield tag="022" ind1=" " ind2=" ">
    <subfield code="a">1873-7978</subfield>
  </datafield>
  <datafield tag="040" ind1=" " ind2=" ">
    <subfield code="a">TBS</subfield>
    <subfield code="b">EN</subfield>
    <subfield code="c">TBS</subfield>
  </datafield>
  <datafield tag="041" ind1=" " ind2=" ">
    <subfield code="a">eng</subfield>
  </datafield>
  <datafield tag="100" ind1=" " ind2=" ">
    <subfield code="a">Liden, Robert C.</subfield>
    <subfield code="9">26960</subfield>
    <subfield code="e">author</subfield>
  </datafield>
  <datafield tag="245" ind1=" " ind2=" ">
    <subfield code="a">The evolution of leadership</subfield>
    <subfield code="b">: past insights, present trends, and future directions</subfield>
    <subfield code="c">/ Robert C. Liden, Xing Wang, Yue Wang</subfield>
  </datafield>
  <datafield tag="260" ind1=" " ind2=" ">
    <subfield code="b">Journal of Business Research,</subfield>
    <subfield code="c">2025</subfield>
  </datafield>
  <datafield tag="300" ind1=" " ind2=" ">
    <subfield code="a">115036-115036 pages.</subfield>
  </datafield>
  <datafield tag="490" ind1=" " ind2=" ">
    <subfield code="a">Journal of Business Research</subfield>
    <subfield code="v">vol.186</subfield>
  </datafield>
  <datafield tag="505" ind1=" " ind2=" ">
    <subfield code="a">We first review leadership research that has been dominant before and after the Journal of Business Research was established fifty-one years ago, along with a discussion of those approaches that have continued to attract research attention. Next, we discuss moral approaches to leadership, including authentic, ethical, and servant leadership. We address criticism of these and other approaches, especially concerns about the way leadership styles are measured. Furthermore, we provide coverage of current trends in leadership research, such as studying the dark side of seeming positive leadership approaches, examinations of the importance of followership in the study of leadership, as well as research that explores the effects of leadership from a leader-centric perspective. Finally, we offer directions for future leadership research, such as integrating leader power and authority with leadership approaches and developing ways of addressing criticism that has been leveled against leadership research.</subfield>
  </datafield>
  <datafield tag="630" ind1=" " ind2="0">
    <subfield code="a">B2 PBT Regenerative Leadership (BiM)</subfield>
    <subfield code="9">26902</subfield>
  </datafield>
  <datafield tag="650" ind1=" " ind2="0">
    <subfield code="a">Followership</subfield>
    <subfield code="9">26959</subfield>
  </datafield>
  <datafield tag="700" ind1=" " ind2=" ">
    <subfield code="a">Wang, Xing</subfield>
    <subfield code="9">26961</subfield>
    <subfield code="e">author</subfield>
  </datafield>
  <datafield tag="700" ind1=" " ind2=" ">
    <subfield code="a">Wang, Yue</subfield>
    <subfield code="9">26962</subfield>
    <subfield code="e">author</subfield>
  </datafield>
  <datafield tag="856" ind1=" " ind2=" ">
    <subfield code="u">https://doi-org.hub.tbs-education.fr/10.1016/j.jbusres.2024.115036</subfield>
  </datafield>
  <datafield tag="942" ind1=" " ind2=" ">
    <subfield code="2">lcc</subfield>
  </datafield>
  <datafield tag="952" ind1=" " ind2=" ">
    <subfield code="0">0</subfield>
    <subfield code="1">0</subfield>
    <subfield code="2">lcc</subfield>
    <subfield code="4">0</subfield>
    <subfield code="7">0</subfield>
    <subfield code="8">CT</subfield>
    <subfield code="a">TBS</subfield>
    <subfield code="b">TBS</subfield>
    <subfield code="d">2026-05-11</subfield>
    <subfield code="l">0</subfield>
    <subfield code="r">2026-05-11</subfield>
    <subfield code="u">https://doi-org.hub.tbs-education.fr/10.1016/j.jbusres.2024.115036</subfield>
    <subfield code="w">2026-05-11</subfield>
    <subfield code="y">ARTICLE</subfield>
  </datafield>
  <datafield tag="999" ind1=" " ind2=" ">
    <subfield code="c">5430</subfield>
    <subfield code="d">5430</subfield>
  </datafield>
</record>
